Music Quiz

Random Music or Song Quiz

Muse Lyrics Quiz Stats

 Plays Quiz not verified by Sporcle

Challenge
Share
Tweet
Embed
Score 0/35 Timer 09:00
0 Plays Today
Lyric Song % Correct
Far away, this ship has taken me far awayStarlight
86.6%
You're something beautiful, a contradictionTime Is Running Out
85.4%
No one's going to take me aliveKnights of Cydonia
79.8%
Why split these states when there can be only one?United States of Eurasia
71%
Give me all the peace and joy in your mindBliss
68%
Give me your heart and your soulHysteria
67.8%
Come waste your millions here, secretly she sneersSunburn
64.6%
Sell, and I'll sell your memories for 15 pounds a yearThe Small Print
63.9%
It scares the hell out of me and the end is all I can seeThoughts Of A Dying Atheist
63.7%
You could be the one who listens to my deepest inquisitionsUnintended
63.6%
A starlight in the gloom, I only dream of youSing For Absolution
61.7%
You must pay for your crimes against the earthTake A Bow
60.7%
Counter balance this commotionUnnatural Selection
57.3%
For one moment, I wish you'd hold your stageCitizen Erased
56.8%
Oppose and disagree, destroy demonocracyAssassin
56.6%
When will this loneliness be over?Map of the Problematique
55.9%
Destroy the spineless, show me it's realNew Born
55.3%
Forcing our darkest souls to unfold, and pushing us into self-destructionShowbiz
54.1%
Lyric Song % Correct
You will wait until it's over to reveal what you'd never shown herMuscle Museum
53.2%
Don't grow up too fast and don't embrace the pastBlackout
52.2%
This means nothing to me and you mean nothing to meUno
51.5%
During the struggle they will pull us downInvincible
51.3%
There's no justice in this world and there never wasSoldier's Poem
49.9%
The wavelength gently grows, coercive notions re-evolveMK Ultra
46%
Impure hearts stumble, in my hands they crumbleGuiding Light
45.5%
You know that their time's coming to an endUprising
45.4%
Your golden lies feed my roleHyper Music
43.9%
Look to the stars, let hope burn in your eyesStockholm Syndrome
43.4%
Come into my life, regress into a dreamHoodoo
40.8%
Shame on you for thinking you're an exception, we're all to blameDead Star
40.7%
Arbourler, Jameson I love you, the single malts come burningSober
38.5%
Sounds like forks on a plateMicro Cuts
32.9%
You know that I care, you should have been thereOverdue
24.9%
Purposeless survival, now there's nothing left to die forShrinking Universe
21.7%
You will not find it in me simply because I can't wake up and find it in meComa
18.3%

You're not logged in!

Compare scores with friends on all Sporcle quizzes.
OR
Log In

You Might Also Like...

Show Comments

Extras

Top Quizzes Today


Score Distribution

Your Account Isn't Verified!

In order to create a playlist on Sporcle, you need to verify the email address you used during registration. Go to your Sporcle Settings to finish the process.

Report this User

Report this user for behavior that violates our Community Guidelines.

Details: